000 02654cam a2200457 i 4500
001 data
005 20260322212116.0
006 data
007 data
008 data
035 _a22814676
906 _a7
_bcbc
_corignew
_d1
_eecip
_f20
_gy-gencatlg
925 0 _aacquire
_eecip ebook
_xpolicy default
955 _frl54 2023-05-23 Telework ebook rec'd
010 _a 2022027825
020 _a9781003297512
_q(ebook)
020 _z9781032285764
_q(hardback)
020 _z9781032285795
_q(paperback)
040 _aDLC
_beng
_cDLC
_erda
_dDLC
042 _apcc
050 0 0 _aPZ8
082 0 0 _a398.2
_223/eng/20221006
245 0 0 _aSilver magic :
_bthe world's best fairy tales /
_ccollected and arranged by Romer Wilson ; edited by Jack Zipes ; illustrated by Violet Brunton.
264 1 _aNew York :
_aNew York :
_bRoutledge, Taylor & Francis Group,
_c2023.
300 _a1 online resource.
336 _atext
_btxt
_2rdacontent
337 _acomputer
_bc
_2rdamedia
338 _aonline resource
_bcr
_2rdacarrier
505 0 _aOn Giants and Dwarfs / Romer Wilson -- The Miraculous Pitcher / Nathaniel Hawthorne -- Simmerwater: A Yorkshire Philemon / Anonymous -- The Marriage of Cupid and Psyche / Apuleius -- The Werewolf / Petronius -- Eight Tales from Gesta Romanorum / Charles Swan -- The Goose-Girl at the Well / J.E. Taylor (Brothers Grimm) -- Clever Alice / J.E. Taylor (Brothers Grimm) -- Lohengrin / Anonymous -- The Master-Thief / Anonymous -- Boots and the Eating Match with the Troll / Asbjørnsen and Moe (Dasent) -- How the Sea Became Salt / Anonymous -- Finn MacCool and Future Events / F.R. Davies -- Finn MacCool and the Giant / F.R. Davies -- O'Donaghue's Pigs / Anonymous -- Davy Hanlan / Patrick Cody -- Some Nonsense / Anonymous -- The Twelve Dancing Princesses / Thomas Roscoe (Brothers Grimm) -- Cinderella, or, The Little Glass Slipper / James R. Planché (Charles Perrault) -- The Yellow Dwarf / James R. Planché (Mme d'Aulnoy) -- Beauty and the Beast / James R. Planché (Mme Villeneuve).
520 _aA collection of familiar and lesser-known fairy tales.
588 _aDescription based on print version record and CIP data provided by publisher.
650 0 _aFairy tales.
650 1 _aFairy tales.
650 1 _aFolklore.
655 7 _aFairy tales.
_2lcgft
700 1 _aWilson, Romer,
_d1891-1930,
_ecompiler.
700 1 _aZipes, Jack,
_d1937-
_eeditor.
700 1 _aBrunton, Violet,
_eillustrator.
776 0 8 _iPrint version:
_tSilver magic
_dLondon ; New York : Routledge, Taylor & Francis Group, 2023
_z9781032285764
_w(DLC) 2022027824
985 _aLC online resource
_d2022-10-06
999 _c1757
_d1757